<?xml version="1.0" encoding="UTF-8"?><?xml-stylesheet type="text/xsl" href="static/style.xsl"?><OAI-PMH xmlns="http://www.openarchives.org/OAI/2.0/" xmlns:xsi="http://www.w3.org/2001/XMLSchema-instance" xsi:schemaLocation="http://www.openarchives.org/OAI/2.0/ http://www.openarchives.org/OAI/2.0/OAI-PMH.xsd"><responseDate>2026-04-17T05:39:30Z</responseDate><request verb="GetRecord" identifier="oai:riubu.ubu.es:10259/7959" metadataPrefix="marc">https://riubu.ubu.es/oai/request</request><GetRecord><record><header><identifier>oai:riubu.ubu.es:10259/7959</identifier><datestamp>2023-11-10T10:48:34Z</datestamp><setSpec>com_10259_6475</setSpec><setSpec>com_10259_5086</setSpec><setSpec>com_10259_2604</setSpec><setSpec>col_10259_7956</setSpec></header><metadata><record xmlns="http://www.loc.gov/MARC21/slim" xmlns:doc="http://www.lyncode.com/xoai" xmlns:xsi="http://www.w3.org/2001/XMLSchema-instance" xmlns:dcterms="http://purl.org/dc/terms/" xsi:schemaLocation="http://www.loc.gov/MARC21/slim http://www.loc.gov/standards/marcxml/schema/MARC21slim.xsd">
<leader>00925njm 22002777a 4500</leader>
<datafield tag="042" ind1=" " ind2=" ">
<subfield code="a">dc</subfield>
</datafield>
<datafield tag="720" ind1=" " ind2=" ">
<subfield code="a">Rodríguez Cachón, Teresa</subfield>
<subfield code="e">author</subfield>
</datafield>
<datafield tag="260" ind1=" " ind2=" ">
<subfield code="c">2020-03</subfield>
</datafield>
<datafield tag="520" ind1=" " ind2=" ">
<subfield code="a">El presente trabajo tiene por finalidad abordar uno de los retos a los que la investigación jurídica ha de hacer frente en la actualidad. En concreto, pretende exponer, a través de un ejemplo real, las ventajas que para la ciencia jurídica pueden derivarse de la simbiosis científica que nace del crecimiento de los&#xd;
movimientos de análisis del Derecho junto con otras disciplinas de las ciencias sociales y humanas, principalmente la economía. El ejemplo a través del que se muestran las ventajas que para la ciencia&#xd;
jurídica presenta el abandono de la autonomía y autarquía dogmáticas consiste en insertar en el Derecho de contratos español el concepto de comportamiento oportunista, propio de la economía de los costes de transacción.</subfield>
</datafield>
<datafield tag="024" ind2=" " ind1="8">
<subfield code="a">978-84-17583-97-2</subfield>
</datafield>
<datafield tag="024" ind2=" " ind1="8">
<subfield code="a">http://hdl.handle.net/10259/7959</subfield>
</datafield>
<datafield tag="245" ind1="0" ind2="0">
<subfield code="a">El análisis económico del Derecho como reto para la investigación jurídica. El caso del oportunismo contractual</subfield>
</datafield>
</record></metadata></record></GetRecord></OAI-PMH>